000 00446nam a2200181Ia 4500
005 20250423100139.0
008 250422s9999 xx 000 0 und d
020 _a0-7821-2110-1
050 _aQA 76.3 .S78/
100 _aStrebe, Matthew
245 0 _aMCSE : internet information server 3 ; study guide
260 _aSan Fransisco
260 _bNetwork Press
260 _c1996
300 _a563 p
650 _aStudy Guide
942 _cBK
999 _c32423
_d32423